सामान्य रोगों की सरल चिकित्सा / (Record no. 12585)
[ view plain ]
| 000 -LEADER | |
|---|---|
| fixed length control field | 03476 a2200361 4500 |
| 008 - FIXED-LENGTH DATA ELEMENTS--GENERAL INFORMATION | |
| fixed length control field | 090905t xxu||||| |||| 00| 0 hin d |
| 010 ## - LCCN (DPL NO) | |
| LC control number | B-300402-412 |
| 020 ## - INTERNATIONAL STANDARD BOOK NUMBER | |
| International Standard Book Number | 8186098623 |
| Terms of availability | 500.00 |
| 035 ## - SYSTEM CONTROL NUMBER | |
| System control number | B-300402-412 |
| 037 ## - SOURCE OF ACQUISITION | |
| Source of stock number/acquisition | पापुलर बुक ढिपो |
| 040 ## - CATALOGING SOURCE | |
| Original cataloging agency | dpl |
| Language of cataloging | HIN |
| 082 ## - DEWEY DECIMAL CLASSIFICATION NUMBER | |
| Classification number | 616 |
| 100 ## - MAIN ENTRY--PERSONAL NAME | |
| Personal name | गुप्ता, राजकुमारी |
| 245 ## - TITLE STATEMENT | |
| Title | सामान्य रोगों की सरल चिकित्सा / |
| Statement of responsibility, etc | राजकुमारी गुप्ता |
| 260 ## - PUBLICATION, DISTRIBUTION, ETC. (IMPRINT) | |
| Place of publication, distribution, etc | जयपुर |
| Name of publisher, distributor, etc | पापुलर बुक डिपो |
| Date of publication, distribution, etc | 2008 |
| 260 ## - PUBLICATION, DISTRIBUTION, ETC. (IMPRINT) | |
| Place of publication, distribution, etc | जयपुर |
| 270 ## - ADDRESS | |
| Address | जी-15,एस.एस.टॉवर,धामाणी गली,चौड़ा रास्ता |
| City | जयपुर |
| Postal code | 302003 |
| 300 ## - PHYSICAL DESCRIPTION | |
| Extent | 443पृ |
| Dimensions | 22सेमी (सजिल्द) |
| 700 ## - ADDED ENTRY--PERSONAL NAME | |
| Personal name | गुप्ता, राजकुमारी |
| 942 ## - ADDED ENTRY ELEMENTS (KOHA) | |
| Institution code [OBSOLETE] | dpl |
| Item type | Hindi Books |
| Source of classification or shelving scheme | Dewey Decimal Classification |
| Classification part | 616 |
| Call number suffix | गुप्तारा |
| Withdrawn status | Lost status | Source of classification or shelving scheme | Damaged status | Not for loan | Collection code | Home library | Current library | Date acquired | Source of acquisition | Cost, normal purchase price | Total Checkouts | Full call number | Barcode | Date last seen | Copy number | Cost, replacement price | Koha item type |
|---|---|---|---|---|---|---|---|---|---|---|---|---|---|---|---|---|---|
| Dewey Decimal Classification | Non-fiction | Central Library | Central Library | 05/09/2009 | 1273/24.9.08/334/4.9.08/3.10.08 | 500.00 | 616 गुप्तारा | B-300402 | 05/09/2009 | 1 | 500.00 | Children Books | |||||
| Dewey Decimal Classification | Non-fiction | Karol Bagh | Karol Bagh | 05/09/2009 | 1273/24.9.08/334/4.9.08/3.10.08 | 500.00 | 616 गुप्तारा | B-300410 | 05/09/2009 | 1 | 500.00 | Children Books | |||||
| Dewey Decimal Classification | Non-fiction | Mobile Library | Mobile Library | 05/09/2009 | 1273/24.9.08/334/4.9.08/3.10.08 | 500.00 | 616 गुप्तारा | B-300403 | 05/09/2009 | 2 | 500.00 | Children Books | |||||
| Dewey Decimal Classification | Non-fiction | Mobile Library | Mobile Library | 05/09/2009 | 1273/24.9.08/334/4.9.08/3.10.08 | 500.00 | 616 गुप्तारा | B-300404 | 05/09/2009 | 2 | 500.00 | Children Books | |||||
| Dewey Decimal Classification | Non-fiction | New Police Line | New Police Line | 05/09/2009 | 1273/24.9.08/334/4.9.08/3.10.08 | 500.00 | 616 गुप्तारा | B-300405 | 05/09/2009 | 1 | 500.00 | Children Books | |||||
| Dewey Decimal Classification | Non-fiction | Patel Nagar | Patel Nagar | 05/09/2009 | 1273/24.9.08/334/4.9.08/3.10.08 | 500.00 | 616 गुप्तारा | B-300406 | 05/09/2009 | 1 | 500.00 | Children Books | |||||
| Dewey Decimal Classification | Non-fiction | Qila Rai Pithora | Qila Rai Pithora | 05/09/2009 | 1273/24.9.08/334/4.9.08/3.10.08 | 500.00 | 616 गुप्तारा | B-300409 | 16/06/2014 | 1 | 500.00 | Children Books | |||||
| Dewey Decimal Classification | Non-fiction | R.K.Puram-8 | R.K.Puram-8 | 05/09/2009 | 1273/24.9.08/334/4.9.08/3.10.08 | 500.00 | 616 गुप्तारा | B-300408 | 05/09/2009 | 1 | 500.00 | Children Books | |||||
| Dewey Decimal Classification | Non-fiction | Sarojini Nagar | Sarojini Nagar | 05/09/2009 | 1273/24.9.08/334/4.9.08/3.10.08 | 500.00 | 616 गुप्तारा | B-300407 | 01/10/2014 | 1 | 500.00 | Children Books | |||||
| Dewey Decimal Classification | Non-fiction | Shahdara Branch | Shahdara Branch | 05/09/2009 | 1273/24.9.08/334/4.9.08/3.10.08 | 500.00 | 616 गुप्तारा | B-300411 | 05/09/2009 | 1 | 500.00 | Children Books | |||||
| Dewey Decimal Classification | Non-fiction | Yojana Vihar | Yojana Vihar | 05/09/2009 | 1273/24.9.08/334/4.9.08/3.10.08 | 500.00 | 616 गुप्तारा | B-300412 | 05/09/2009 | 1 | 500.00 | Children Books |
